[Event "Bayern-chTT (Oberliga)"]
[Site "Bayern 2008/09"]
[Date "2008.10.05"]
[Round "1.2"]
[White "Bernasek, Jan"]
[Black "Speckner, Roland"]
[Result "0-1"]
[WhiteElo "2427"]
[BlackElo "2295"]
[PlyCount "76"]
[EventDate "2009.03.??"]
[EventType "team-tourn"]
[EventRounds "9"]
[WhiteTeam "Bamberg-SC 1"]
[BlackTeam "Regensburg-Fortuna 1"]

1. d4 Nf6 2. c4 e6 3. Bg5 h6 4. Bh4 c5 5. d5 exd5 6. cxd5 d6 7. Nc3 a6 8. a4 g5
9. Bg3 Nh5 10. e3 Nxg3 11. hxg3 Bg7 12. Bd3 Nd7 13. Nf3 Qe7 14. Qb3 Ne5 15.
Nxe5 Qxe5 16. Kd2 Bf5 17. f4 gxf4 18. gxf4 Qf6 19. e4 Bg4 20. g3 O-O 21. a5 Qg6
22. e5 Bf5 23. Bxf5 Qxf5 24. exd6 Rad8 25. Rad1 Rxd6 26. Qxb7 Rfd8 27. Kc1 Bxc3
28. bxc3 Qe4 29. Rhe1 Qc4 30. Kb2 Rxd5 31. Rxd5 Rxd5 32. Qb3 Qd3 33. Re8+ Kg7
34. Ka3 Qd2 35. Qb2 Qd1 36. Qb3 Qa1+ 37. Qa2 Qxc3+ 38. Qb3 Qa1+ 0-1

[Event "Bayern-chTT (Oberliga)"]
[Site "Bayern 2008/09"]
[Date "2008.10.05"]
[Round "1.4"]
[White "Krauseneck, Peter ProfDr"]
[Black "Pohl-Kuemmel, Jens-Uwe"]
[Result "1/2-1/2"]
[WhiteElo "2114"]
[BlackElo "2185"]
[PlyCount "130"]
[EventDate "2009.03.??"]
[EventType "team-tourn"]
[EventRounds "9"]
[WhiteTeam "Bamberg-SC 1"]
[BlackTeam "Regensburg-Fortuna 1"]

1. e4 d6 2. d4 Nf6 3. Nc3 g6 4. Be2 Bg7 5. Be3 c6 6. h4 Qa5 7. Qd2 h5 8. f3 e5
9. dxe5 dxe5 10. Bc4 O-O 11. O-O-O Na6 12. Nb1 Qxd2+ 13. Rxd2 Nc7 14. Nh3 b5
15. Bb3 a5 16. a4 Be6 17. Ng5 Bxb3 18. cxb3 Rfb8 19. Rd6 Ra6 20. Rhd1 Nce8 21.
Rd8 Raa8 22. Rxb8 Rxb8 23. Nc3 bxa4 24. bxa4 Bf8 25. Kc2 Nd6 26. b3 Nb7 27. Bb6
Bc5 28. Bc7 Re8 29. Ne2 Bb4 30. Nh3 Nc5 31. Nf2 Nfd7 32. Nc1 Rc8 33. Bd6 f6 34.
Na2 Ba3 35. Be7 Bb4 36. Nxb4 axb4 37. Nd3 Ne6 38. Nxb4 Nd4+ 39. Kc3 Kf7 40. Nc2
c5 41. Bxf6 Nxf6 42. Ne3 Rb8 43. Rb1 Rb4 44. Rb2 Ke6 45. Rb1 Rb7 46. Rb2 Ne8
47. Nc4 Nd6 48. Ne3 Nc6 49. Rd2 Nb4 50. Rd1 Rd7 51. Rd2 Nb7 52. Rxd7 Kxd7 53.
Kc4 Kc6 54. Kc3 Nd6 55. g4 hxg4 56. Nxg4 Nf7 57. Nf6 Nd8 58. h5 gxh5 59. Nxh5
Ne6 60. Kc4 Nc2 61. a5 Na3+ 62. Kc3 Kb5 63. Kb2 Kb4 64. Nf6 Nb5 65. Nd7 Kxa5
1/2-1/2

[Event "Bayern-chTT (Oberliga)"]
[Site "Bayern 2008/09"]
[Date "2008.10.05"]
[Round "1.5"]
[White "Mandl, Robert"]
[Black "Mittag, Ralf"]
[Result "1/2-1/2"]
[WhiteElo "2199"]
[BlackElo "2062"]
[PlyCount "131"]
[EventDate "2009.03.??"]
[EventType "team-tourn"]
[EventRounds "9"]
[WhiteTeam "Regensburg-Fortuna 1"]
[BlackTeam "Bamberg-SC 1"]

1. c4 g6 2. g3 Bg7 3. Bg2 d6 4. Nc3 Nc6 5. Nf3 e5 6. d3 Nf6 7. Rb1 a5 8. a3 O-O
9. b4 axb4 10. axb4 Re8 11. Bg5 h6 12. Bxf6 Bxf6 13. O-O Bg4 14. Re1 Qd7 15. b5
Ne7 16. Nd2 c6 17. Qb3 Ra7 18. Ra1 Rea8 19. Rxa7 Rxa7 20. Rb1 Bg7 21. bxc6 bxc6
22. Qb8+ Kh7 23. h3 Be6 24. Kh2 f5 25. Qb4 Bf8 26. Nf3 Bg7 27. e3 c5 28. Qb3
Nc6 29. Nb5 Ra5 30. Ne1 Nb4 31. Qd1 d5 32. cxd5 Bxd5 33. Nc3 Bxg2 34. Kxg2 Ra3
35. Rb3 Rxb3 36. Qxb3 Nxd3 37. Nc2 e4 38. Nd5 Qc6 39. Ne7 Qe8 40. Qb7 Qf7 41.
Qa7 Bf6 42. Nc6 Qxa7 43. Nxa7 Kg7 44. Nb5 Kf7 45. f3 exf3+ 46. Kxf3 Ke6 47. Ke2
Ne5 48. Nc7+ Kd7 49. Nd5 Bd8 50. Na3 Kc6 51. e4 Bg5 52. Nf4 c4 53. exf5 gxf5
54. Ne6 Bc1 55. Nxc4 Nxc4 56. Nd4+ Kd5 57. Nxf5 Ke4 58. g4 Ne5 59. Kf2 Bf4 60.
Nd6+ Kd5 61. Nf5 Ng6 62. Kf3 Ke5 63. Ng7 Nh4+ 64. Kf2 Kf6 65. Nf5 Nxf5 66. gxf5
1/2-1/2

[Event "Bayern-chTT (Oberliga)"]
[Site "Bayern 2008/09"]
[Date "2008.10.05"]
[Round "1.6"]
[White "Mikuta, Alexander"]
[Black "Jauernig, Udo"]
[Result "1/2-1/2"]
[WhiteElo "1965"]
[BlackElo "2161"]
[PlyCount "49"]
[EventDate "2009.03.??"]
[EventType "team-tourn"]
[EventRounds "9"]
[WhiteTeam "Bamberg-SC 1"]
[BlackTeam "Regensburg-Fortuna 1"]

1. d4 e6 2. c4 Nf6 3. Nc3 Bb4 4. f3 d5 5. a3 Bxc3+ 6. bxc3 c5 7. e3 Qc7 8. Bd2
O-O 9. cxd5 exd5 10. Bd3 Nc6 11. Ne2 Re8 12. O-O b6 13. Qe1 Na5 14. Rb1 cxd4
15. cxd4 Nc4 16. Bxc4 Qxc4 17. Rb4 Qd3 18. Nc3 Ba6 19. Rf2 Rac8 20. Rb3 Re6 21.
Qd1 Rec6 22. Ne2 Qc2 23. Qxc2 Rxc2 24. Nc3 Bc4 25. Rb1 1/2-1/2

[Event "Bayern-chTT (Oberliga)"]
[Site "Bayern 2008/09"]
[Date "2008.10.05"]
[Round "1.7"]
[White "Heumann, Joern"]
[Black "Kuzmin, Boris"]
[Result "1/2-1/2"]
[WhiteElo "2110"]
[BlackElo "1874"]
[PlyCount "42"]
[EventDate "2009.03.??"]
[EventType "team-tourn"]
[EventRounds "9"]
[WhiteTeam "Regensburg-Fortuna 1"]
[BlackTeam "Bamberg-SC 1"]

1. e4 c6 2. d4 d5 3. exd5 cxd5 4. c4 e6 5. Nf3 Nf6 6. Nc3 Bb4 7. Bd3 Nc6 8. O-O
O-O 9. Bg5 dxc4 10. Bxc4 h6 11. Bh4 Be7 12. a3 a6 13. Qd3 b5 14. Ba2 b4 15. Ne2
a5 16. Rfd1 Ba6 17. Bc4 Bxc4 18. Qxc4 Rc8 19. Qb5 bxa3 20. bxa3 Ne4 21. Bxe7
Nxe7 1/2-1/2

[Event "Bayern-chTT (Oberliga)"]
[Site "Bayern 2008/09"]
[Date "2008.10.05"]
[Round "1.8"]
[White "Seubert, Lukas"]
[Black "Boca, Harald"]
[Result "0-1"]
[WhiteElo "1545"]
[BlackElo "2080"]
[PlyCount "102"]
[EventDate "2009.03.??"]
[EventType "team-tourn"]
[EventRounds "9"]
[WhiteTeam "Bamberg-SC 1"]
[BlackTeam "Regensburg-Fortuna 1"]

1. c4 e5 2. Nc3 Nf6 3. Nf3 Nc6 4. g3 d5 5. cxd5 Nxd5 6. Bg2 Nb6 7. O-O Be7 8.
b3 O-O 9. Bb2 f5 10. d3 Be6 11. Nb1 Bf6 12. Nbd2 Qd7 13. Nc4 Nxc4 14. dxc4 e4
15. Bxf6 Qxd1 16. Rfxd1 exf3 17. Bxg7 Kxg7 18. Bxf3 Rfd8 19. Rdc1 Rd2 20. e3
Rad8 21. Rd1 Ne5 22. Be2 c5 23. f4 Nf7 24. Bf3 b6 25. Bd5 Rxd1+ 26. Rxd1 Bxd5
27. cxd5 Nd6 28. a4 a5 29. Kg2 Ne4 30. Rd3 Nf6 31. d6 Kf7 32. Kf3 Ke6 33. h3 h5
34. Ke2 Rxd6 35. Rxd6+ Kxd6 36. Kf3 Kc6 37. e4 fxe4+ 38. Ke3 Kd5 39. Ke2 c4 40.
bxc4+ Kxc4 41. Ke3 Kd5 42. Ke2 Kd4 43. Kd2 e3+ 44. Ke2 Ke4 45. h4 Ng4 46. f5
Kxf5 47. Kf3 Ke5 48. Ke2 Ke4 49. Ke1 Kf3 50. Kf1 e2+ 51. Ke1 Ne3 0-1

[Event "Bayern-chTT (Oberliga)"]
[Site "Bayern 2008/09"]
[Date "2008.10.05"]
[Round "1.1"]
[White "Cicak, Slavko"]
[Black "Vavra, Pavel"]
[Result "1-0"]
[WhiteElo "2516"]
[BlackElo "2269"]
[PlyCount "103"]
[EventDate "2009.03.??"]
[EventType "team-tourn"]
[EventRounds "9"]
[WhiteTeam "Burgsinn 1"]
[BlackTeam "Würzburg 1"]

1. e4 c5 2. Nf3 Nc6 3. Bb5 g6 4. c3 Bg7 5. d4 Qb6 6. a4 cxd4 7. O-O d3 8. Qxd3
Nf6 9. h3 d6 10. a5 Qc7 11. a6 O-O 12. Re1 Nd7 13. axb7 Bxb7 14. Be3 a6 15. Ba4
Nce5 16. Nxe5 Nxe5 17. Qc2 Nc4 18. Bg5 h6 19. Bc1 d5 20. exd5 Bxd5 21. Bb3 Bb7
22. Ra4 Qc6 23. f3 Ne5 24. Bf4 Qc5+ 25. Kh1 g5 26. Bxe5 Bxe5 27. Qf5 Bd4 28.
Qd7 Bf2 29. Qxb7 Bxe1 30. Qe4 Kg7 31. Qxe1 Rab8 32. Rc4 Qd6 33. Rd4 Qf6 34. Nd2
Rfd8 35. Rxd8 Rxd8 36. Bc2 Qf4 37. Nf1 e6 38. Ng3 Qd2 39. Qe4 Kf8 40. Qb4+ Qd6
41. Qa5 Rb8 42. Ne4 Qf4 43. Qxa6 f5 44. Nf2 Qc1+ 45. Nd1 Qxc2 46. Qd6+ Kf7 47.
Qxb8 Qxd1+ 48. Kh2 f4 49. Qb7+ Kf6 50. Qh7 Qe1 51. Qxh6+ Kf5 52. Qh7+ 1-0

[Event "Bayern-chTT (Oberliga)"]
[Site "Bayern 2008/09"]
[Date "2008.10.05"]
[Round "1.2"]
[White "Siepelt, Heiner"]
[Black "Klundt, Klaus"]
[Result "1/2-1/2"]
[WhiteElo "2276"]
[BlackElo "2288"]
[PlyCount "81"]
[EventDate "2009.03.??"]
[EventType "team-tourn"]
[EventRounds "9"]
[WhiteTeam "Würzburg 1"]
[BlackTeam "Burgsinn 1"]

1. e4 c5 2. Nc3 Nc6 3. Bb5 d6 4. Bxc6+ bxc6 5. d3 g6 6. Nge2 Bg7 7. O-O Nf6 8.
f4 Rb8 9. Qe1 Nd7 10. f5 Ne5 11. b3 e6 12. fxe6 Bxe6 13. Bd2 O-O 14. Nf4 Bc8
15. Rb1 Re8 16. Qg3 Rb7 17. Kh1 a6 18. a4 Rf8 19. Rbe1 Re7 20. Nfe2 h6 21. h3
Kh7 22. Rf2 f5 23. Ref1 Ref7 24. exf5 Bxf5 25. Nd1 Bf6 26. Qh2 Bh4 27. g3 Bg5
28. Bf4 Bf6 29. Ne3 Be6 30. Qg2 Qd7 31. Kh2 Bg7 32. Bxe5 Bxe5 33. Rxf7+ Rxf7
34. Rxf7+ Qxf7 35. Qf1 Qxf1 36. Nxf1 g5 37. Ne3 d5 38. Kg2 Bd4 39. Nxd4 cxd4
40. Nf1 g4 41. h4 1/2-1/2

[Event "Bayern-chTT (Oberliga)"]
[Site "Bayern 2008/09"]
[Date "2008.10.05"]
[Round "1.3"]
[White "Chandler, Patrick"]
[Black "Seuffert, Gabriel"]
[Result "1-0"]
[WhiteElo "2217"]
[BlackElo "2242"]
[PlyCount "91"]
[EventDate "2009.03.??"]
[EventType "team-tourn"]
[EventRounds "9"]
[WhiteTeam "Burgsinn 1"]
[BlackTeam "Würzburg 1"]

1. e4 c5 2. Nf3 e6 3. g3 Nc6 4. Bg2 d5 5. exd5 exd5 6. d4 Bg4 7. O-O Nxd4 8.
Qe1+ Be6 9. Nxd4 cxd4 10. f4 Be7 11. f5 Bd7 12. Qe5 Kf8 13. Qxd4 Rc8 14. Kh1
Nf6 15. Nc3 Bc5 16. Qh4 d4 17. Ne4 Nxe4 18. Qxd8+ Rxd8 19. Bxe4 Bc6 20. Bxc6
bxc6 21. f6 Rd6 22. Rf5 Bb6 23. fxg7+ Kxg7 24. Bf4 Re6 25. a4 a6 26. a5 Ba7 27.
Rf1 f6 28. g4 Bb8 29. g5 Bxf4 30. R1xf4 fxg5 31. Rxg5+ Rg6 32. Rxg6+ hxg6 33.
Rxd4 Rh5 34. Rd7+ Kh6 35. Rc7 Rxa5 36. Rxc6 Ra2 37. b3 Kg5 38. Kg2 Kf4 39. Kf2
Ke4 40. Rc4+ Kd5 41. Ke3 Ra1 42. Rg4 Re1+ 43. Kd3 Re6 44. Rg5+ Kd6 45. Kd4 Ke7
46. Re5 1-0

[Event "Bayern-chTT (Oberliga)"]
[Site "Bayern 2008/09"]
[Date "2008.10.05"]
[Round "1.4"]
[White "Rupp, Markus(73)"]
[Black "Scheidt, Karlheinz"]
[Result "1-0"]
[WhiteElo "2204"]
[BlackElo "2086"]
[PlyCount "89"]
[EventDate "2009.03.??"]
[EventType "team-tourn"]
[EventRounds "9"]
[WhiteTeam "Würzburg 1"]
[BlackTeam "Burgsinn 1"]

1. d4 g6 2. c4 Bg7 3. e4 d6 4. Nc3 Nf6 5. f3 O-O 6. Be3 b6 7. Bd3 c5 8. e5 Ne8
9. Be4 Nc7 10. Bxa8 Nxa8 11. dxc5 bxc5 12. f4 Ba6 13. b3 Qa5 14. Bd2 dxe5 15.
fxe5 Nc6 16. Nf3 Nxe5 17. O-O Nc6 18. Nd5 Qd8 19. Bc3 e5 20. Qe1 Re8 21. Qf2
Qd6 22. Rad1 Qf8 23. Qh4 f5 24. Ng5 h6 25. Ne4 Re6 26. g4 g5 27. Qe1 f4 28. Ng3
e4 29. Bxg7 Qxg7 30. Nxe4 Kh8 31. Qe2 Nd4 32. Qd3 Qf8 33. Nxc5 Ne2+ 34. Kh1
Qxc5 35. Nxf4 Bb7+ 36. Nd5 Nf4 37. Qf5 Kg8 38. Rxf4 gxf4 39. Qxe6+ Kg7 40. Qf6+
Kh7 41. Qf7+ Kh8 42. Qf6+ Kg8 43. Qg6+ Kh8 44. Qxh6+ Kg8 45. Qg5+ 1-0

[Event "Bayern-chTT (Oberliga)"]
[Site "Bayern 2008/09"]
[Date "2008.10.05"]
[Round "1.5"]
[White "Lodes, Hermann"]
[Black "Graef, Harald"]
[Result "0-1"]
[WhiteElo "2078"]
[BlackElo "2181"]
[PlyCount "106"]
[EventDate "2009.03.??"]
[EventType "team-tourn"]
[EventRounds "9"]
[WhiteTeam "Burgsinn 1"]
[BlackTeam "Würzburg 1"]

1. d4 d5 2. c4 c6 3. Nc3 Nf6 4. Nf3 e6 5. e3 a6 6. a4 c5 7. dxc5 Bxc5 8. cxd5
exd5 9. Be2 O-O 10. O-O Nc6 11. Qc2 Ba7 12. Rd1 Re8 13. h3 Nb4 14. Qb3 Qd6 15.
Nd4 Nc6 16. Nf3 Be6 17. Qc2 Nb4 18. Qb1 Qc5 19. Bd2 Rad8 20. Bf1 Bb8 21. Nd4
Qd6 22. g3 h5 23. h4 Bg4 24. Rc1 Nc6 25. Nce2 Ne4 26. Be1 Ne5 27. Bg2 Bxe2 28.
Nxe2 Ng6 29. b4 Re6 30. Rd1 Nxh4 31. Bxe4 Qe7 32. Bh1 Rxe3 33. fxe3 Qxe3+ 34.
Kf1 Ba7 35. Qd3 Qe5 36. gxh4 Rd6 37. Qf3 Rf6 38. Bf2 Qh2 39. Bxa7 Qxh1+ 40. Bg1
Rxf3+ 41. Ke1 Qxh4+ 42. Kd2 Qxb4+ 43. Kc2 Qe4+ 44. Kd2 Rd3+ 45. Ke1 Qh4+ 46.
Bf2 Qh1+ 47. Ng1 Qe4+ 48. Kf1 Rb3 49. a5 g5 50. Rac1 g4 51. Ne2 Rb2 52. Re1
Qh1+ 53. Bg1 Qh3+ 0-1

[Event "Bayern-chTT (Oberliga)"]
[Site "Bayern 2008/09"]
[Date "2008.10.05"]
[Round "1.6"]
[White "Zehnter, Sebastian"]
[Black "Krauss, Josef"]
[Result "1-0"]
[WhiteElo "2182"]
[BlackElo "2026"]
[PlyCount "101"]
[EventDate "2009.03.??"]
[EventType "team-tourn"]
[EventRounds "9"]
[WhiteTeam "Würzburg 1"]
[BlackTeam "Burgsinn 1"]

1. e4 e5 2. f4 exf4 3. Nc3 Be7 4. d4 Bh4+ 5. Ke2 d5 6. Nxd5 Nf6 7. Nxf6+ Qxf6
8. Nf3 Bg4 9. Qd2 g5 10. Kd3 Bxf3 11. gxf3 c5 12. Qc3 Qxd4+ 13. Qxd4 cxd4 14.
Ke2 Nc6 15. Bd2 O-O-O 16. Bh3+ Kb8 17. Rhf1 Rhe8 18. a4 d3+ 19. cxd3 Nd4+ 20.
Kd1 Nb3 21. Rb1 Rxd3 22. Kc2 Rxd2+ 23. Kxb3 Red8 24. Bf5 Rxh2 25. Rbc1 Bf2 26.
Rfd1 Rh8 27. Rc2 Bg3 28. Rc3 Re2 29. Rd7 Re3 30. Rxf7 h5 31. Kc2 Rxc3+ 32. bxc3
Re8 33. Bg6 h4 34. Bf5 Rh8 35. e5 Bf2 36. e6 Bc5 37. e7 Bxe7 38. Rxe7 h3 39.
Re1 h2 40. Rh1 Kc7 41. Kd2 Kd6 42. Ke2 Kc5 43. Kf2 Kc4 44. Kg2 Kxc3 45. Rxh2
Rf8 46. Be4 Rg8 47. Bf5 a6 48. Rh7 b5 49. axb5 axb5 50. Rb7 b4 51. Kh3 1-0

[Event "Bayern-chTT (Oberliga)"]
[Site "Bayern 2008/09"]
[Date "2008.10.05"]
[Round "1.7"]
[White "Seeger, Werner"]
[Black "Reis, Thomas(70)"]
[Result "0-1"]
[WhiteElo "2012"]
[BlackElo "2110"]
[PlyCount "130"]
[EventDate "2009.03.??"]
[EventType "team-tourn"]
[EventRounds "9"]
[WhiteTeam "Burgsinn 1"]
[BlackTeam "Würzburg 1"]

1. d4 g6 2. c4 Bg7 3. Nc3 d6 4. e4 a6 5. Be2 c6 6. Nf3 b5 7. a3 Nf6 8. O-O O-O
9. h3 bxc4 10. Bxc4 d5 11. exd5 cxd5 12. Bd3 Nc6 13. Re1 e6 14. Be3 Bb7 15. Nd2
Nd7 16. Nb3 Ne7 17. f4 Bc6 18. Nd2 Qb8 19. b4 Nf5 20. Bxf5 gxf5 21. Nb3 Nb6 22.
Nc5 Nc4 23. Qf3 Qd6 24. Nd3 Rfc8 25. Ne5 Be8 26. Rec1 Ra7 27. Nd3 a5 28. Nc5
Rb8 29. Rcb1 axb4 30. axb4 Qb6 31. Rxa7 Qxa7 32. b5 Qa3 33. Rb3 Qa1+ 34. Kh2
Qe1 35. Bf2 Qf1 36. Qe2 Qxe2 37. Nxe2 Rxb5 38. Rxb5 Bxb5 39. Nc3 Bc6 40. Kg3
Nd2 41. Be3 Ne4+ 42. N5xe4 fxe4 43. Kf2 Kf8 44. Ke2 Ke7 45. Bf2 Kd7 46. g4 Kc7
47. g5 Bf8 48. Ke3 Be7 49. h4 f6 50. Bg3 Kd7 51. Be1 Ba3 52. Bd2 Ke7 53. Nd1
Kf7 54. Kf2 Kg6 55. gxf6 Kxf6 56. Kg3 Bb5 57. Be3 Bb4 58. Bf2 Be2 59. Ne3 Bc3
60. Ng4+ Bxg4 61. Kxg4 Bd2 62. h5 e3 63. Bh4+ Kg7 64. Kf3 Kh6 65. Be7 Kxh5 0-1

[Event "Bayern-chTT (Oberliga)"]
[Site "Bayern 2008/09"]
[Date "2008.10.05"]
[Round "1.8"]
[White "Alm, Christopher"]
[Black "Karcevski, Mario"]
[Result "1-0"]
[WhiteElo "1990"]
[BlackElo "2054"]
[PlyCount "79"]
[EventDate "2009.03.??"]
[EventType "team-tourn"]
[EventRounds "9"]
[WhiteTeam "Würzburg 1"]
[BlackTeam "Burgsinn 1"]

1. f4 g6 2. Nf3 Nf6 3. d3 Bg7 4. e4 d6 5. Be2 O-O 6. O-O c5 7. a4 Nc6 8. Na3
Rb8 9. Qe1 a6 10. Qh4 Bg4 11. Nc4 Bxf3 12. Bxf3 Nd4 13. Ne3 e6 14. Bd1 Nd7 15.
Qh3 b5 16. c3 Nc6 17. axb5 axb5 18. f5 exf5 19. exf5 Nf6 20. fxg6 hxg6 21. Bb3
d5 22. Rxf6 Bxf6 23. Bxd5 Ne5 24. Qg3 Qb6 25. h4 Bg7 26. h5 gxh5 27. Nf5 Qg6
28. Ne7+ Kh7 29. Nxg6 fxg6 30. Be4 Rb6 31. Be3 Rc8 32. d4 Ng4 33. dxc5 Re6 34.
Qf4 Rce8 35. Ra7 Nxe3 36. Qf7 Rg8 37. Qxe6 Nf5 38. Bxf5 gxf5 39. Qxf5+ Kh6 40.
Ra6+ 1-0

[Event "Bayern-chTT (Oberliga)"]
[Site "Bayern 2008/09"]
[Date "2008.10.05"]
[Round "1.1"]
[White "Jirovsky, Pavel"]
[Black "Barsov, Alexei"]
[Result "0-1"]
[WhiteElo "2295"]
[BlackElo "2542"]
[PlyCount "122"]
[EventDate "2009.03.??"]
[EventType "team-tourn"]
[EventRounds "9"]
[WhiteTeam "Königshofen 1"]
[BlackTeam "Krumbach 1"]

1. d4 d5 2. Nf3 Nf6 3. g3 Bf5 4. Bg2 e6 5. O-O Be7 6. c4 c6 7. Nc3 Nbd7 8. Qb3
Qb6 9. c5 Qa6 10. Bf4 b6 11. cxb6 axb6 12. Ne5 Nxe5 13. Bxe5 O-O 14. Rfe1 b5
15. e4 Bg6 16. exd5 exd5 17. h3 Rfe8 18. Re3 Nd7 19. Rae1 Bf8 20. a3 Nb6 21.
Bf4 Rxe3 22. fxe3 Nc4 23. Re2 Re8 24. Qd1 b4 25. axb4 Bxb4 26. Kh2 Bxc3 27.
bxc3 Be4 28. g4 Bxg2 29. Kxg2 h6 30. Kf3 Qa3 31. Qe1 Re6 32. h4 Re4 33. h5 Kh7
34. Kg3 Qe7 35. Kf3 g5 36. hxg6+ fxg6 37. g5 h5 38. Kg2 Qd7 39. Qb1 Re7 40. Qb8
Qf5 41. Kf1 Qd3 42. Kf2 Nd2 43. Qf8 Ne4+ 44. Kf3 Rg7 45. Be5 Nxg5+ 46. Kg3 Ne6
47. Qf3 Ra7 48. Rb2 Qxc3 49. Rb8 Qe1+ 50. Qf2 Qxf2+ 51. Kxf2 g5 52. Re8 Ng7 53.
Rc8 Nf5 54. Rxc6 Ra2+ 55. Kf3 Ra3 56. Rc7+ Kg8 57. Rc8+ Kf7 58. Rc7+ Ke6 59.
Rh7 Rxe3+ 60. Kf2 Rh3 61. Kg2 g4 0-1

[Event "Bayern-chTT (Oberliga)"]
[Site "Bayern 2008/09"]
[Date "2008.10.05"]
[Round "1.2"]
[White "Vokac, Marek"]
[Black "Feustel, Bernd"]
[Result "1-0"]
[WhiteElo "2441"]
[BlackElo "2239"]
[PlyCount "81"]
[EventDate "2009.03.??"]
[EventType "team-tourn"]
[EventRounds "9"]
[WhiteTeam "Krumbach 1"]
[BlackTeam "Königshofen 1"]

1. e4 g6 2. f4 Bg7 3. Nf3 c5 4. Nc3 Nc6 5. d3 Rb8 6. g3 b5 7. Bg2 b4 8. Ne2 a5
9. O-O Qb6 10. c4 bxc3 11. bxc3 Ba6 12. Be3 d6 13. Rc1 Nf6 14. h3 O-O 15. g4 a4
16. Ng3 Qa5 17. Rf2 a3 18. Nd2 Bxd3 19. e5 Bb5 20. exf6 Bxf6 21. Nde4 Bg7 22.
g5 Ba4 23. Qg4 Rb2 24. Qh4 Qb5 25. Bf1 Qb7 26. f5 Rxf2 27. Nxf2 Ra8 28. Bg2 Qb2
29. f6 exf6 30. gxf6 Bh8 31. Bd5 Re8 32. Re1 Qxc3 33. Bxf7+ Kxf7 34. Qxh7+ Ke6
35. Bd2+ Qe5 36. Qxg6 Qxe1+ 37. Bxe1 Ne5 38. Qf5+ Kf7 39. Nfe4 Bc6 40. Nxd6+
Kf8 41. Nxe8 1-0

[Event "Bayern-chTT (Oberliga)"]
[Site "Bayern 2008/09"]
[Date "2008.10.05"]
[Round "1.3"]
[White "Studnicka, Tomas"]
[Black "Lang, Marc(69)"]
[Result "1/2-1/2"]
[WhiteElo "2242"]
[BlackElo "2276"]
[PlyCount "70"]
[EventDate "2009.03.??"]
[EventType "team-tourn"]
[EventRounds "9"]
[WhiteTeam "Königshofen 1"]
[BlackTeam "Krumbach 1"]

1. d4 d5 2. c4 dxc4 3. Nf3 Nf6 4. e3 e6 5. Bxc4 c5 6. O-O a6 7. a4 Nc6 8. Qe2
cxd4 9. Rd1 Be7 10. exd4 O-O 11. Nc3 Nd5 12. Bd2 Re8 13. Rac1 Ncb4 14. Ne5 Bd7
15. b3 Bc6 16. Ne4 Na2 17. Ra1 Nab4 18. Rac1 Na2 19. Rc2 Nab4 20. Bxb4 Nxb4 21.
Rc3 Nd5 22. Rf3 f5 23. Nxc6 bxc6 24. Ng3 Bf6 25. Bxd5 Qxd5 26. Rfd3 Rab8 27.
Qc2 Rb4 28. Ne2 Reb8 29. g3 g5 30. Rb1 a5 31. Rc3 R8b6 32. Rc5 Qf3 33. Rc3 Qd5
34. Rc5 Qf3 35. Rc3 Qd5 1/2-1/2

[Event "Bayern-chTT (Oberliga)"]
[Site "Bayern 2008/09"]
[Date "2008.10.05"]
[Round "1.4"]
[White "Riefner, Edwin"]
[Black "Stross, Frantisek"]
[Result "0-1"]
[WhiteElo "2234"]
[BlackElo "2298"]
[PlyCount "52"]
[EventDate "2009.03.??"]
[EventType "team-tourn"]
[EventRounds "9"]
[WhiteTeam "Krumbach 1"]
[BlackTeam "Königshofen 1"]

1. e4 c5 2. b3 d6 3. Bb2 e5 4. Nc3 g6 5. Nd5 Bg7 6. f4 Ne7 7. Nxe7 Qxe7 8. Nf3
O-O 9. fxe5 Nc6 10. Qe2 dxe5 11. O-O-O Nd4 12. Qe3 b5 13. c3 Nxf3 14. gxf3 a6
15. d4 cxd4 16. cxd4 exd4 17. Bxd4 Bxd4 18. Qxd4 Be6 19. Be2 b4 20. Kb1 a5 21.
f4 a4 22. Qe5 axb3 23. axb3 Qa7 24. Rd2 Bxb3 25. Qb2 Qe3 26. Qd4 Ba2+ 0-1

[Event "Bayern-chTT (Oberliga)"]
[Site "Bayern 2008/09"]
[Date "2008.10.05"]
[Round "1.5"]
[White "Sternheimer, Erhard"]
[Black "Kempter, Ronald"]
[Result "0-1"]
[WhiteElo "2194"]
[BlackElo "2226"]
[PlyCount "54"]
[EventDate "2009.03.??"]
[EventType "team-tourn"]
[EventRounds "9"]
[WhiteTeam "Königshofen 1"]
[BlackTeam "Krumbach 1"]

1. d4 Nf6 2. c4 c5 3. e3 g6 4. Nc3 Bg7 5. Nf3 O-O 6. Bd2 cxd4 7. exd4 d5 8. Rc1
Nc6 9. Bg5 Ne4 10. cxd5 Nxc3 11. Rxc3 Qxd5 12. Bc4 Qa5 13. Be3 Bg4 14. O-O Rad8
15. h3 Bxd4 16. hxg4 Bxc3 17. Qb3 Bg7 18. Qxb7 Rd6 19. Qb3 Nd4 20. Nxd4 Bxd4
21. Bh6 Bg7 22. Be3 e6 23. Rc1 Bd4 24. Bxd4 Rxd4 25. Bxe6 Qd2 26. Rc2 Qe1+ 27.
Kh2 Qxe6 0-1

[Event "Bayern-chTT (Oberliga)"]
[Site "Bayern 2008/09"]
[Date "2008.10.05"]
[Round "1.6"]
[White "Wild, Rudolf(63)"]
[Black "Fischer, Thomas(92)"]
[Result "0-1"]
[WhiteElo "2205"]
[BlackElo "2071"]
[PlyCount "110"]
[EventDate "2009.03.??"]
[EventType "team-tourn"]
[EventRounds "9"]
[WhiteTeam "Krumbach 1"]
[BlackTeam "Königshofen 1"]

1. Nf3 c5 2. c4 Nc6 3. Nc3 e5 4. e3 Nf6 5. d4 cxd4 6. exd4 exd4 7. Nxd4 Bc5 8.
Nb3 Bb4 9. Bd2 O-O 10. Be2 d5 11. Nxd5 Nxd5 12. cxd5 Qxd5 13. O-O Bxd2 14. Qxd2
Qxd2 15. Nxd2 Be6 16. Bc4 Rad8 17. Bxe6 Rxd2 18. Bc4 Rxb2 19. Rab1 Rxb1 20.
Rxb1 b6 21. Bd5 Ne7 22. Bb3 Rc8 23. Rd1 g6 24. g3 Rc7 25. h4 Kg7 26. Kg2 Ng8
27. Rd2 Nf6 28. Rd4 Nd7 29. Re4 Nc5 30. Rc4 Rd7 31. Bc2 Rd2 32. Kf3 Kf6 33. Ke3
Rd7 34. g4 Re7+ 35. Kf3 Re1 36. g5+ Ke7 37. Rd4 Ra1 38. a4 Ra2 39. Rc4 Kd6 40.
Ke3 Ra3+ 41. Ke2 Ke5 42. f3 f5 43. gxf6 Kxf6 44. Rf4+ Ke7 45. Rc4 Ke6 46. Rf4
Ke7 47. Rc4 Kd6 48. Rf4 Ne6 49. Re4 Kd5 50. Bd1 Nd4+ 51. Kf2 Rd3 52. Re1 Nf5
53. Rh1 Rd2+ 54. Ke1 Rb2 55. h5 g5 0-1

[Event "Bayern-chTT (Oberliga)"]
[Site "Bayern 2008/09"]
[Date "2008.10.05"]
[Round "1.7"]
[White "Schmid, Michael(77)"]
[Black "Cherednichenko, Svetlana"]
[Result "0-1"]
[WhiteElo "2141"]
[BlackElo "2161"]
[PlyCount "54"]
[EventDate "2009.03.??"]
[EventType "team-tourn"]
[EventRounds "9"]
[WhiteTeam "Königshofen 1"]
[BlackTeam "Krumbach 1"]

1. d4 Nf6 2. Nf3 g6 3. g3 Bg7 4. Bg2 O-O 5. O-O d6 6. c4 Nc6 7. Nc3 e5 8. Bg5
h6 9. dxe5 hxg5 10. exf6 Bxf6 11. e3 Kg7 12. Qb3 Rh8 13. Nd5 Rb8 14. Nxf6 Qxf6
15. Qc3 Qxc3 16. bxc3 g4 17. Nd2 Ne5 18. Rab1 b6 19. Rfd1 Bf5 20. Rb5 Be6 21.
a3 Rh6 22. f4 gxf3 23. Bxf3 Rbh8 24. h4 g5 25. hxg5 Rh3 26. Kf2 Rh2+ 27. Bg2
Ng4+ 0-1

[Event "Bayern-chTT (Oberliga)"]
[Site "Bayern 2008/09"]
[Date "2008.10.05"]
[Round "1.8"]
[White "Egger, Thomas(58)"]
[Black "Suren, Peter"]
[Result "1/2-1/2"]
[WhiteElo "2192"]
[BlackElo "2076"]
[PlyCount "116"]
[EventDate "2009.03.??"]
[EventType "team-tourn"]
[EventRounds "9"]
[WhiteTeam "Krumbach 1"]
[BlackTeam "Königshofen 1"]

1. Nf3 Nc6 2. d4 d5 3. g3 Bf5 4. Bg2 Qd7 5. O-O Bh3 6. Nc3 Bxg2 7. Kxg2 f6 8.
e4 dxe4 9. Nxe4 O-O-O 10. Be3 g5 11. c4 Qe6 12. Nc3 Qxc4 13. d5 Qa6 14. Qc2 Nb4
15. Qe4 e6 16. dxe6 Qc6 17. Rfd1 Rxd1 18. Rxd1 Qxe4 19. Nxe4 h6 20. Rd7 Be7 21.
Bc5 Bxc5 22. Nxc5 b6 23. Ne4 f5 24. Nc3 Nf6 25. Rf7 Ne4 26. Nb5 Nd6 27. Nxd6+
cxd6 28. Rxa7 Nc6 29. Ra8+ Nb8 30. Nd4 Kb7 31. Ra3 Re8 32. Re3 f4 33. gxf4 gxf4
34. Re1 Na6 35. Kf3 Nb4 36. Rg1 b5 37. Ke4 Kb6 38. Rc1 d5+ 39. Kf5 Nd3 40. Rc6+
Kb7 41. Kf6 f3 42. Kf7 Ra8 43. Rd6 Nxf2 44. Nxf3 Ne4 45. Rxd5 Kc6 46. Rd1 Nd6+
47. Kg7 Rxa2 48. e7 Nf5+ 49. Kf6 Nxe7 50. Kxe7 Rxb2 51. Rd6+ Kc5 52. Rxh6 b4
53. Ne5 Re2 54. Kf6 b3 55. Rh8 Kd4 56. Nf3+ Ke4 57. Ng5+ Kd3 58. Rd8+ Kc3
1/2-1/2